000 00397nam a22001577a 4500
005 20200529120943.0
008 200529b xxu||||| |||| 00| 0 eng d
041 _aeng
082 _a340
100 _aBARE ACT
_95744
245 _aTHE INDIAN MEDICINE CENTRAL COUNCIL ACT, 1970 (48- 1970)
260 _aDELHI
_bPROFESSIONAL BOOK PUBLISHERS
300 _a84,p
650 _aLAW
_95701
942 _cBK
999 _c6617
_d6615